| 000 | 00621cam a2200217 i 4500 | ||
|---|---|---|---|
| 001 | 1318661 | ||
| 005 | 20180307074553.0 | ||
| 008 | 780117s1978 mnua b 001 0 eng | ||
| 010 | _a 78000764 | ||
| 020 |
_a0829901663 : _c$10.95 |
||
| 040 |
_aDLC _cDLC _dDLC |
||
| 041 | _aeng | ||
| 080 | _a658.4 eas | ||
| 082 | 0 | 0 | _a658.4 eas |
| 100 | 1 | _a58 | |
| 101 | _abus | ||
| 245 | 1 | 0 |
_aContemporary business : _cEddie V. Easley, Earl F. Lundgren, Harry I. Wolk. |
| 504 | _aIncludes bibliographies and index. | ||
| 906 |
_a7 _bcbc _corignew _d1 _eocip _f19 _gy-gencatlg |
||
| 942 |
_2ddc _cBK |
||
| 999 |
_c44313 _d44313 |
||